000 00408nam a22001577a 4500
003 NUST - PNEC
005 20170116181157.0
008 160113b xxu||||| |||| 00| 0 eng d
020 _a-
040 _cLIBRARY
082 _a537 EDW
100 _916053
_aEdward Arnold
245 _aMagnetism, electromagnetism and electrostatics
_cEdward Arnold
650 _916054
_aElectmagnetism
_xME
942 _2ddc
_cBK
999 _c71277
_d71277